Thesaurus EUROVOC. Volume 2 : subject-orientated version. (Record no. 89768)

MARC details
000 -LEADER
fixed length control field 00704cam a2200229 4500
008 - FIXED-LENGTH DATA ELEMENTS--GENERAL INFORMATION
fixed length control field 090401t1995 xxu||||| |||| 00| 0 eng d
020 ## - INTERNATIONAL STANDARD BOOK NUMBER
International Standard Book Number 9277863668
035 ## - SYSTEM CONTROL NUMBER
System control number (Sirsi) u32903
041 ## - LANGUAGE CODE
Language code of text/sound track or separate title eng
050 ## - LIBRARY OF CONGRESS CALL NUMBER
Classification number 025.4
110 ## - MAIN ENTRY--CORPORATE NAME
Corporate name or jurisdiction name as entry element European Communities
9 (RLIN) 3391
245 ## - TITLE STATEMENT
Title Thesaurus EUROVOC. Volume 2 : subject-orientated version.
260 ## - PUBLICATION, DISTRIBUTION, ETC.
Place of publication, distribution, etc. Luxembourg
Name of publisher, distributor, etc. Office of Official Publications of the E
Date of publication, distribution, etc. 1995
300 ## - PHYSICAL DESCRIPTION
Extent 232p. ; 30cm.
350 ## - PRICE (NR) (BK AM CF MU VM SE) [OBSOLETE]
Price 33
520 ## - SUMMARY, ETC.
Summary, etc. Annex to the Index of the Official Journal of the European Communities.
650 ## - SUBJECT ADDED ENTRY--TOPICAL TERM
Topical term or geographic name entry element OFFICIAL JOURNAL OF THE EUROPEAN COMMUNITIES
650 ## - SUBJECT ADDED ENTRY--TOPICAL TERM
Topical term or geographic name entry element THESAURI
690 ## - LOCAL SUBJECT ADDED ENTRY--TOPICAL TERM (OCLC, RLIN)
Topical term or geographic name as entry element ECONOMIC AND SOCIAL
942 ## - ADDED ENTRY ELEMENTS (KOHA)
Suppress in OPAC 0
948 ## - LOCAL PROCESSING INFORMATION (OCLC); SERIES PART DESIGNATOR (RLIN)
c (OCLC) 04/03/1997
Holdings
Withdrawn status Lost status Source of classification or shelving scheme Damaged status Not for loan Home library Current library Shelving location Date acquired Cost, normal purchase price Total Checkouts Full call number Barcode Date last seen Copy number Cost, replacement price Price effective from Koha item type
    Dewey Decimal Classification     London London Folio 27/09/1996 33.00   F025.4 30051685 06/08/2019 1 33.00 06/08/2019 Reference material